Central Library OPAC University of Rajshahi

Networking self-teaching guide : (Record no. 13481)

MARC details
000 -LEADER
fixed length control field 00966cam a22002898a 4500
001 - CONTROL NUMBER
control field 13481
003 - CONTROL NUMBER IDENTIFIER
rucl marc code BD-RjUL
005 - DATE AND TIME OF LATEST TRANSACTION
control field 20211208235448.0
008 - FIXED-LENGTH DATA ELEMENTS--GENERAL INFORMATION
fixed length control field 140201s2009 inu 001 0 eng
020 ## - INTERNATIONAL STANDARD BOOK NUMBER
International Standard Book Number 9780470402382 (pbk.)
035 ## - SYSTEM CONTROL NUMBER
System control number (BD-RjUL)13532
040 ## - CATALOGING SOURCE
Original cataloging agency DLC
Transcribing agency DLC
Language of cataloging eng
Modifying agency BD-RjUL
041 ## - LANGUAGE CODE
Language code of text/sound track or separate title eng
082 00 - DEWEY DECIMAL CLASSIFICATION NUMBER
Classification number 004.65
Edition number 22
Author mark and year EDN 2009
100 1# - MAIN ENTRY--PERSONAL NAME
Personal name Edwards, James,
Dates associated with a name 1962-
9 (RLIN) 42048
245 10 - TITLE STATEMENT
Title Networking self-teaching guide :
Remainder of title OSI, TCP/IP, LANs, MANs, WANs, implementation, management, and maintenance /
Statement of responsibility, etc. James Edwards, Richard Bramante.
260 ## - PUBLICATION, DISTRIBUTION, ETC. (IMPRINT)
Place of publication, distribution, etc. Indianapolis, IN :
Name of publisher, distributor, etc. Wiley Pub.,
Date of publication, distribution, etc. 2009.
300 ## - PHYSICAL DESCRIPTION
Pagination xxix, 834 p. :
Illustrations ill.;
Size 24 cm.
504 ## - BIBLIOGRAPHY, ETC. NOTE
Bibliography, etc Includes index.
650 #0 - SUBJECT ADDED ENTRY--TOPICAL TERM
Topical term or geographic name as entry element Computer networks.
9 (RLIN) 42049
Topical term or geographic name as entry element Computer network protocols.
9 (RLIN) 42050
Topical term or geographic name as entry element Computer network architectures.
9 (RLIN) 42051
700 1# - ADDED ENTRY--PERSONAL NAME
Personal name Bramante, Richard,
Dates associated with a name 1944-
942 ## - ADDED ENTRY ELEMENTS (KOHA)
Source of classification or shelving scheme Dewey Decimal Classification
Koha item type Books
Holdings
Lost status Source of classification or shelving scheme Damaged status Not for loan Collection code Permanent Location Current Location Shelving location Date acquired Source of acquisition Cost, normal purchase price Total Checkouts Full call number Date last seen Copy number Koha item type Date checked out
  Dewey Decimal Classification   Not For Loan Non-fiction Central Library, University of Rajshahi Central Library, University of Rajshahi Reading Room 01/10/2013 Asia foundation 60.00   004.65 EDN 2009 01/02/2014 C-1 Books  
  Dewey Decimal Classification     Non-fiction Central Library, University of Rajshahi Central Library, University of Rajshahi   01/10/2013 Asia foundation 60.00 1 004.65 EDN 2009 20/12/2018 C-2 Books 04/02/2017